| 000 | 00714nam a22002297a 4500 | ||
|---|---|---|---|
| 005 | 20170124105956.0 | ||
| 010 | _a600935 | ||
| 020 |
_c00.00 _a057109418 |
||
| 035 | _a600935 | ||
| 037 | _bCen Lib/Ret | ||
| 040 |
_aDPL _bEN |
||
| 082 |
_a331.15 _bBAN |
||
| 100 |
_aBanks, J. A. _914680 |
||
| 245 |
_aMarxist sociology in action : _cby J. A. Banks _ba sociological critique of the marxist approach to industrial relations / |
||
| 260 |
_aLondon _bFaber and Faber _c1970 |
||
| 270 |
_aLondon _bLondon |
||
| 300 |
_a324p. _c21cm(Hb) |
||
| 500 | _aIncludes index | ||
| 650 |
_aIndustrial relations _975739 |
||
| 650 |
_aMarxian school of sociology _914682 |
||
| 942 |
_2ddc _cEN _h331.15 _mBAN |
||
| 999 |
_c125535 _d125535 |
||